LEADER 00798nab a2200145 i 4500 001 000000274676 003 CaOOAMICUS 005 20110201000000.0 008 110201n xx uu u0 0und r 013 $a23365 040 $aSeMil$bita 245 14$a«Il mondo che cambia è ben più che uno scenario» ; Il Documento base 40 anni dopo, [parte] 4 ; Educazione e catechesi. - 80 p. - Titoli principali dalla copertina. - In copertina :$b80. anniversario. 500 $aMARZO-APRILE 2011. 773 0 $t[2010-2011].$dLeumann (Torino) : Elledici, 2010-2011.$w()191585 996 $6245$a«Il mondo che cambia è ben più che uno scenario» ; Il Documento base 40 anni dopo, [parte] 4 ; Educazione e catechesi. - 80 p. - Titoli principali dalla copertina. - In copertina :$b80. anniversario.$9(OLS)http://semarc/title/361124 LEADER 00469nab a2200145 i 4500 001 000000283688 003 CaOOAMICUS 005 20180831165242.0 008 180831n xx uu u0 0und r 013 $a36840 040 $aSeMil$bita 245 10$aLascerai padre e madre... - Titolo dalla copertina. 500 $aSettembre 1988. 773 0 $t1988-1989.$dBologna : EDB, 1989.$w()238517 996 $6245$aLascerai padre e madre... - Titolo dalla copertina$9(OLS)http://semarc/title/365088